[Event "SWZ-GP"]
[Site "Suhr"]
[Date "1991.??.??"]
[Round "2"]
[White "Gheorghiu, Florin"]
[Black "Leuba, Didier"]
[Result "1-0"]
[WhiteElo "2495"]
[BlackElo "2295"]

1.Nf3 Nf6 2.c4 e6 3.d4 b6 4.Nc3 Bb4 5.Qb3 c5 6.a3 Ba5 7.Bg5 h6 8.Bh4 g5 9.Bg3 Nc6
10.O-O-O Bxc3 11.Qxc3 Ne4 12.Qc2 Nxg3 13.hxg3 cxd4 14.Nxd4 Nxd4 15.Rxd4 Bb7
16.e3 Qf6 17.Kb1 Rc8 18.Qd2 Rc7 19.f3 Kd8 20.Be2 Kc8 21.g4 d5 22.cxd5 Bxd5
23.e4 Bb7 24.Rd1 Kb8 25.Rd7 Qf4 26.Qxf4 gxf4 27.e5 Rg8 28.Rxc7 Kxc7 29.Rd4 Rg5
30.Rxf4 Rxe5 31.Rxf7+ Kb8 32.Bc4 Re1+ 33.Ka2 Rg1 34.Bxe6 Rxg2 35.f4 Bf3 36.Rg7 h5
37.g5 Bg4 38.Bxg4 Rxg4 39.f5  1-0

[Event "SWE-ch"]
[Site "SWE"]
[Date "1991.??.??"]
[Round "3"]
[White "Lundin, Anders"]
[Black "Schneider, Lars Ake"]
[Result "0-1"]
[WhiteElo "2295"]
[BlackElo "2445"]

1.d4 Nf6 2.c4 e6 3.Nf3 b6 4.Nc3 Bb7 5.a3 d5 6.cxd5 exd5 7.g3 Be7 8.Qa4+ Nbd7
9.Bh3 O-O 10.O-O a6 11.Rd1 Bd6 12.Nh4 Re8 13.Nf5 Bf8 14.Bg5 h6 15.Bf4 Kh7
16.Rac1 g6 17.Ne3 c6 18.Ng4 Nh5 19.Ne5 Nxe5 20.Bxe5 f6 21.g4 fxe5 22.gxh5 Qg5+
23.Bg2 exd4 24.hxg6+ Qxg6 25.Rxd4 b5 26.Qc2 Qxc2 27.Rxc2 Rad8 28.Rf4 Rd7
29.Rd2 Bd6 30.Rg4 Bc8 31.Rgd4 Rg7 32.Kf1 Reg8  0-1

[Event "Vienna op"]
[Site "Vienna"]
[Date "1991.??.??"]
[Round "6"]
[White "Ikonnikov, Vyacheslav"]
[Black "Budnikov, Alexandar"]
[Result "1/2-1/2"]
[WhiteElo "2480"]
[BlackElo "2525"]

1.d4 Nf6 2.Nf3 e6 3.c4 b6 4.Nc3 Bb7 5.Bg5 Bb4 6.e3 h6 7.Bh4 Bxc3+ 8.bxc3 d6
9.Nd2 Nbd7 10.f3 Qe7 11.Be2 e5  1/2-1/2

[Event "Waldshut BM"]
[Site "Waldshut"]
[Date "1991.??.??"]
[Round "1"]
[White "Jacob, Volker"]
[Black "Vatter, Hans Joachim"]
[Result "1-0"]
[WhiteElo "2240"]
[BlackElo "2325"]

1.d4 Nf6 2.Nf3 e6 3.c4 b6 4.Nc3 Bb7 5.Bf4 Bb4 6.Qb3 a5 7.a3 Bxc3+ 8.Qxc3 a4
9.Nd2 O-O 10.f3 d5 11.Bg5 h6 12.Bh4 Nbd7 13.e3 Re8 14.Bd3 e5 15.O-O exd4
16.exd4 dxc4 17.Nxc4 Qb8 18.Rfe1 Qa7 19.Kh1 Nd5 20.Qd2 Nf8 21.Ne5 Ne6 22.Bb5 Rf8
23.Nc6 Bxc6 24.Bxc6 Qa5 25.Qd3 Rab8 26.Re5 Ndf4 27.Qe3 Qa6 28.d5 Nxg2 29.Kxg2 Nc5
30.Be7 Rfc8 31.Rg1 Qc4 32.Kh1 Nd3 33.Re4 Qc2 34.Rxg7+  1-0

[Event "Berliner Sommer"]
[Site "Berlin"]
[Date "1992.??.??"]
[Round "?"]
[White "Loeffler, Stefan"]
[Black "Roeder, Mathias"]
[Result "0-1"]
[WhiteElo "2315"]
[BlackElo "2395"]

1.Nf3 Nf6 2.c4 b6 3.d4 e6 4.Nc3 Bb7 5.Bg5 Bb4 6.Qc2 h6 7.Bh4 O-O 8.e3 Be4
9.Bd3 Bxd3 10.Qxd3 d6 11.O-O Bxc3 12.Qxc3 Nbd7 13.Rfd1 Qc8 14.Nd2 Qb7 15.f3 Rfc8
16.e4 c5 17.dxc5 bxc5 18.Nf1 d5 19.cxd5 exd5 20.exd5 Nxd5 21.Qd2 N7b6 22.Ng3 Rc6
23.Nf5 Re6 24.Rac1 c4 25.Qd4 Rg6 26.Qe5 Kh7 27.Nd6 Qc6 28.Bg3 Rd8 29.Nxf7 Re8
30.Qd4 Qe6 31.Nd6 Rxg3 32.Nxe8 Rg6 33.Qe4 Qc6 34.b3 c3 35.Rd3 Kg8 36.Qe5 Re6
37.Qb8 Kh7 38.Nxg7 Qc5+ 39.Kh1 Qf2 40.Rdd1 Re2 41.Re1 Qxe1+  0-1

[Event "Bozen op"]
[Site "Bozen"]
[Date "1992.??.??"]
[Round "3"]
[White "Legky, Nikolay A"]
[Black "Sjodahl, Pontus"]
[Result "1-0"]
[WhiteElo "2445"]
[BlackElo "2345"]

1.d4 Nf6 2.Nf3 e6 3.c4 b6 4.Nc3 Bb7 5.a3 Be7 6.d5 O-O 7.e4 exd5 8.exd5 Re8
9.Be2 d6 10.O-O c5 11.Bd3 Nbd7 12.h3 Nf8 13.Bf4 Ng6 14.Bg3 Nd7 15.Qc2 a6
16.Rae1 Qc7 17.Nd2 Bf6 18.Nde4 Be5 19.f4 Bd4+ 20.Kh2 Rad8 21.h4 Ngf8 22.h5 h6
23.Bh4 Rb8 24.a4 Kh8 25.Ne2 Bf6 26.Nxf6 Nxf6 27.Bxf6 gxf6 28.Qc3 Qd8 29.Ng3 Rxe1
30.Rxe1 Bc8 31.Bf5 Kg7 32.Qd3 Nd7 33.Ne4 Nf8 34.Qh3 b5 35.axb5 axb5 36.Bxc8 Rxc8
37.Re3 Nh7 38.Rg3+ Kh8 39.Qg4  1-0

[Event "Spring op"]
[Site "Budapest"]
[Date "1992.??.??"]
[Round "?"]
[White "Orgovan, Sandor"]
[Black "Gacso, Tibor"]
[Result "0-1"]
[WhiteElo "2385"]
[BlackElo "2260"]

1.d4 Nf6 2.Nf3 e6 3.c4 b6 4.Nc3 Bb4 5.Bg5 Bb7 6.e3 h6 7.Bh4 g5 8.Bg3 Ne4
9.Qc2 Bxc3+ 10.bxc3 d6 11.Bd3 f5 12.c5 bxc5 13.Qb3 Qc8 14.Rb1 Bc6 15.Bc4 Ke7
16.O-O g4 17.Bh4+ Kf7 18.d5 gxf3 19.dxc6 Nxc6 20.Qb7 Ne5 21.Ba6 Nd2 22.Qxc8 Raxc8
23.Bxc8 Rxc8 24.Rb7 Nxf1 25.Kxf1 fxg2+ 26.Kxg2 Nc6 27.Bg3 Ke7 28.Kh3 Kf6
29.Kh4 Kg6 30.f4 c4 31.a4 a6 32.Kh3 Ne7 33.Ra7 Nd5 34.Rxa6 Nxc3 35.a5 Nb5
36.Rc6 Ra8 37.Be1 c3 38.a6 c2 39.Kh4 c1=Q 40.Rxc1 Rxa6 41.Rb1 c6 42.Bf2 Ra2
43.Rg1+ Kh7 44.Bg3 Re2 45.Rc1 c5 46.Kh5 Nc7 47.Ra1 Ne8 48.Ra7+ Ng7+ 49.Kh4 Kg6
50.Re7 Rxe3 51.h3 Re4 52.Rd7 d5  0-1

[Event "Spring op"]
[Site "Budapest"]
[Date "1992.??.??"]
[Round "?"]
[White "Lisik, Valery"]
[Black "Eismont, Oleg"]
[Result "1-0"]
[WhiteElo "2475"]
[BlackElo "2410"]

1.d4 Nf6 2.Nf3 e6 3.c4 b6 4.Nc3 Bb4 5.Bg5 h6 6.Bh4 Bb7 7.e3 g5 8.Bg3 Ne4
9.Qc2 d6 10.Bd3 Bxc3+ 11.bxc3 Nxg3 12.fxg3 Nc6 13.d5 Ne7 14.dxe6 fxe6 15.Nd4 Qd7
16.Be4 O-O-O 17.Bxb7+ Kxb7 18.Qe4+ Nc6 19.O-O e5 20.Rf7 exd4 21.Rxd7 Rxd7
22.exd4 Re7 23.Qd5 Rf8 24.Rf1 Rxf1+ 25.Kxf1 Re3 26.c5 dxc5 27.dxc5 Rxc3 28.cxb6 axb6
29.g4 Rc2 30.a4 Rc5 31.Qe6 Ra5 32.Qxh6 Rxa4 33.Qxg5 Ra5 34.Qf6 b5 35.g5 b4
36.g6 b3 37.g7 Rb5 38.g8=Q b2 39.Qxb2 Rxb2 40.h4  1-0

[Event "Statisztika IM"]
[Site "Budapest"]
[Date "1992.??.??"]
[Round "6"]
[White "Izsak, Gyula"]
[Black "Petran, Pal"]
[Result "0-1"]
[WhiteElo "2330"]
[BlackElo "2470"]

1.c4 Nf6 2.d4 e6 3.Nf3 b6 4.Nc3 Bb4 5.Bd2 Bb7 6.e3 O-O 7.Bd3 d5 8.O-O dxc4
9.Bxc4 Nbd7 10.Rc1 a6 11.Ne4 Be7 12.Nxf6+ Nxf6 13.Bd3 c5 14.Be2 Ne4 15.dxc5 Bxc5
16.Bc3 Qe7 17.Qc2 Rac8 18.a4 f5 19.Qb1 Nxc3 20.Rxc3 f4 21.e4 a5 22.Bb5 Rcd8
23.Rcc1 g5 24.Ne5 Qg7 25.Nc6 Bxc6 26.Bxc6 g4 27.Kh1 f3 28.Rc3 fxg2+ 29.Kxg2 Rd2
30.Rc2 Qh6 31.Rxd2 Qxd2 32.Kh1 Rxf2 33.Rxf2 Qxf2 34.e5 Bd4 35.Qd1 h5 36.b3 Kg7
37.Bg2 Qf4 38.Bc6 Kh6 39.Bg2 Bxe5 40.Qg1 Kg5 41.h3 Qg3  0-1

[Event "BUL-ch"]
[Site "BUL"]
[Date "1992.??.??"]
[Round "9"]
[White "Petkov, Vladimir"]
[Black "Kolev, Atanas"]
[Result "0-1"]
[WhiteElo "2260"]
[BlackElo "2445"]

1.d4 Nf6 2.c4 e6 3.Nf3 b6 4.Nc3 Bb7 5.a3 d5 6.cxd5 Nxd5 7.Qc2 Nxc3 8.bxc3 Be7
9.e4 O-O 10.Bd3 c5 11.O-O Qc8 12.Qe2 Ba6 13.d5 exd5 14.exd5 Re8 15.Re1 Bxd3
16.Qxd3 c4 17.Qc2 Nd7 18.Bg5 Bxg5 19.Nxg5 Nf6 20.d6 Qc6 21.Red1 Rad8 22.Qa2 h6
23.Nf3 Nd5 24.Rd4 Nxc3 25.Rxc4 Qxf3 26.gxf3 Nxa2 27.Rxa2 Rxd6 28.Rc7 Re1+
29.Kg2  0-1

[Event "Cannes op"]
[Site "Cannes"]
[Date "1992.??.??"]
[Round "?"]
[White "Lobron, Eric"]
[Black "Portisch, Lajos"]
[Result "1/2-1/2"]
[WhiteElo "2575"]
[BlackElo "2575"]

1.d4 Nf6 2.c4 e6 3.Nf3 b6 4.Nc3 Bb7 5.a3 d5 6.cxd5 Nxd5 7.Qc2 Nxc3 8.Qxc3 h6
9.Bf4 Bd6 10.Bg3 Nd7 11.e3 Bxg3 12.hxg3 O-O 13.Rd1 Rc8 14.Bb5 c6 15.Ba4 Qe7
16.b4 Rfd8 17.O-O Nf6 18.Bc2 Rd7 19.Ne5 Rdc7 20.Nc4 Ba6 21.Bd3 Rd8 22.Ne5 Bb7
23.Be2 Ra8 24.Qb2 Nd7 25.Nc4 Ba6 26.Rc1 Rb8 27.Rfd1 Nf6 28.Ne5 Bb7 29.Bf3 Rbc8
30.Rc2 Nd7 31.Nc4 Ba6 32.Rdc1 Kh8 33.a4 Bb7 34.Rc3 Ba8 35.a5 c5 36.Nd2 Bxf3
37.gxf3 Qd8 38.Qc2 Qe7 39.Kg2 Kg8 40.Qa2 Qd8 41.Qc2 c4 42.axb6 Nxb6 43.Qa2 Qe7
44.Qa5 Nd5 45.Rxc4 Rxc4 46.Rxc4 Rxc4 47.Nxc4 Qxb4 48.Qa6 Kh7 49.e4 Nc3 50.Ne5 Qxd4
51.Nxf7 Nd1 52.Qa2 e5 53.Qc2 Nc3 54.Nd6 Qxd6 55.Qxc3 Qe7 56.Qa5 Kg8 57.Kf1 h5
58.Kg2 g6 59.Qd5+ Kg7 60.f4 exf4 61.gxf4 Qh4 62.Qd4+ Kg8 63.Qd6 Qg4+ 64.Kf1 a5
65.e5 Kf7 66.Qd5+ Kg7 67.Qd4 Kh7 68.Qa7+ Kh6 69.Qxa5 Qxf4 70.Qc3 Qg4 71.Qb3 Kg7
72.Qb7+ Kf8 73.Qb8+ Kg7 74.Qc7+ Kh6 75.Qd6 Qc4+ 76.Ke1 Qe4+ 77.Kd2 Qf4+ 78.Ke2  1/2-1/2

[Event "CSR-chT"]
[Site "CSR"]
[Date "1992.??.??"]
[Round "?"]
[White "Ruckschloss, Karol"]
[Black "Mrva, Vladimir"]
[Result "1/2-1/2"]
[WhiteElo "2295"]
[BlackElo "2315"]

1.c4 Nf6 2.d4 e6 3.Nf3 b6 4.Nc3 Bb7 5.Bf4 d5 6.e3 Bd6 7.Ne5 O-O 8.Be2 dxc4
9.Bxc4 Nbd7 10.O-O Nd5 11.Nxd5 exd5 12.Bd3 Bxe5 13.dxe5 Re8 14.Rc1 c6 15.Qg4 Nxe5
16.Bxh7+ Kxh7 17.Qh5+ Kg8 18.Bxe5 Re6 19.Rfd1 Qe7 20.Bf4 Re8 21.h4 c5 22.b4 Rg6
23.Bg5 Qd6 24.bxc5 bxc5 25.Qg4 f6 26.Bf4 Rxg4 27.Bxd6 d4 28.Bg3 dxe3 29.Rxc5 Re7
30.Rdc1 g6 31.Rc7 Rxc7 32.Rxc7 e2 33.Re7 Be4 34.f3 Bxf3 35.Kf2 Bd5 36.Rxe2 Ra4
37.Bb8 Bxa2 38.Re8+ Kf7 39.Rc8 Be6 40.Rc7+ Ke8 41.Rxa7 Rb4 42.Bg3 Rb2+ 43.Ke3 Rxg2
44.Bd6 Rg4 45.Re7+ Kd8 46.Rxe6  1/2-1/2

[Event "CSR-chT"]
[Site "CSR"]
[Date "1992.??.??"]
[Round "?"]
[White "Vokac, Marek"]
[Black "Tichy, Vladimir"]
[Result "1/2-1/2"]
[WhiteElo "2450"]
[BlackElo "2395"]

1.Nf3 Nf6 2.d4 e6 3.c4 b6 4.Nc3 Bb7 5.a3 d5 6.cxd5 Nxd5 7.Qc2 Be7 8.Nxd5 exd5
9.Bf4 c5 10.e3 O-O 11.Bd3 h6 12.O-O Nd7 13.Rfd1 c4 14.Bf5 b5 15.Ne5 Nxe5
16.dxe5 Qb6 17.Qe2 Rfd8 18.Qg4 Bc8 19.Bxc8 Raxc8 20.Rxd5 Rxd5 21.Qxc8+ Rd8
22.Qg4 Rd2 23.Rb1  1/2-1/2

[Event "Dortmund op-A"]
[Site "Dortmund"]
[Date "1992.??.??"]
[Round "8"]
[White "Loeffler, Stefan"]
[Black "Prandstetter, Eduard"]
[Result "0-1"]
[WhiteElo "2285"]
[BlackElo "2410"]

1.d4 Nf6 2.Nf3 e6 3.c4 b6 4.Nc3 Bb7 5.Bg5 Be7 6.Qc2 c5 7.dxc5 bxc5 8.e3 h6
9.Bh4 O-O 10.Be2 Nc6 11.Rd1 d6 12.O-O Qb8 13.Rd2 a6 14.a3 Qc7 15.Rfd1 Rfd8
16.Ne1 Na5 17.Bxf6 Bxf6 18.Ne4 Bxe4 19.Qxe4 Rab8 20.Rb1 Nb3 21.Rd3 d5 22.cxd5 exd5
23.Qf5 d4 24.exd4 Nxd4 25.Qg4 c4 26.Rdd1 h5 27.Qxh5 Rb5 28.Qg4 Rg5 29.Qe4 Re5
30.Rxd4 Rxd4 31.Qxd4 Rh5 32.Bxh5 Bxd4 33.Nc2 Ba7 34.Bf3 Qb6 35.Ne3 c3 36.b4 Qg6
37.Rd1 Bxe3 38.fxe3 c2 39.Re1 Qd3  0-1

[Event "Elenite"]
[Site "Elenite"]
[Date "1992.??.??"]
[Round "2"]
[White "Dorfman, Josif D"]
[Black "Kurajica, Bojan"]
[Result "1/2-1/2"]
[WhiteElo "2610"]
[BlackElo "2590"]

1.d4 Nf6 2.c4 e6 3.Nf3 b6 4.Nc3 Bb4 5.Bg5 Bb7 6.e3 Bxc3+ 7.bxc3 d6 8.Nd2 Nbd7
9.f3 h6 10.Bh4 g5 11.Bf2 Rg8 12.e4 c5 13.Bd3 Nh5 14.g3 Ng7 15.Qe2 Qe7 16.h4 O-O-O
17.O-O-O Ne8 18.hxg5 hxg5 19.Rh6 Kb8 20.Kb1 Rc8 21.Nf1 Qf8 22.Rh2 f5 23.Nd2  1/2-1/2

[Event "Troll Masters"]
[Site "Gausdal"]
[Date "1992.??.??"]
[Round "6"]
[White "Stone, Raymond"]
[Black "Motwani, Paul"]
[Result "1/2-1/2"]
[WhiteElo "2355"]
[BlackElo "2455"]

1.d4 e6 2.c4 Nf6 3.Nf3 b6 4.Nc3 Bb4 5.e3 O-O 6.Bd3 d5 7.O-O dxc4 8.Bxc4 c5
9.Qe2 Bb7 10.Rd1 Qe7 11.a3 Bxc3 12.bxc3 Nbd7 13.a4 Ne4 14.Bb2 Rfc8 15.Rdc1 Rc7
16.Bd3 Rac8 17.c4 Nd6 18.a5 h6 19.axb6 axb6 20.Nd2 Re8 21.Qd1 Rcc8 22.Nf3 Ra8
23.Be2 Rxa1 24.Bxa1 Ra8 25.Qb3 Qd8 26.Bb2 Qc7 27.h3 Rc8 28.Nd2 Qd8 29.Nf3 Qc7
30.Nd2 Qd8 31.Nf3 Qc7  1/2-1/2

[Event "BL2-N9192"]
[Site "Germany"]
[Date "1992.??.??"]
[Round "?"]
[White "Kalinitschew, Sergey"]
[Black "Sax, Gyula"]
[Result "1/2-1/2"]
[WhiteElo "2430"]
[BlackElo "2600"]

1.d4 Nf6 2.Nf3 e6 3.c4 b6 4.Nc3 Bb7 5.a3 d5 6.cxd5 Nxd5 7.Qc2 Nxc3 8.Qxc3 h6
9.g3 Nd7 10.Bg2 Be7 11.O-O O-O 12.Rd1 Rc8 13.Bf4 Qe8 14.Ne5 Bxg2 15.Kxg2 Nxe5
16.Bxe5 Bd6  1/2-1/2

[Event "BL2-W9192"]
[Site "Germany"]
[Date "1992.??.??"]
[Round "?"]
[White "Sieglen, Joachim"]
[Black "Stoering, Volker"]
[Result "1-0"]
[WhiteElo "2340"]
[BlackElo "2270"]

1.d4 Nf6 2.c4 e6 3.Nf3 b6 4.Nc3 Bb7 5.Bg5 h6 6.Bh4 Be7 7.e3 Ne4 8.Bxe7 Qxe7
9.Nxe4 Bxe4 10.Be2 O-O 11.O-O Bb7 12.Nd2 f5 13.Rc1 f4 14.exf4 Rxf4 15.d5 exd5
16.Bf3 Na6 17.cxd5 Rd4 18.d6 Bxf3 19.Qxf3 Qe8 20.Rfe1 Qf8 21.dxc7 Rxd2 22.Qxf8+ Rxf8
23.c8=Q Rxc8 24.Rxc8+ Kf7 25.Rce8 Nc5 26.R8e2 Rd4 27.h3 a5 28.Re3 Rd2 29.R1e2 Rd1+
30.Kh2 Rd3 31.Rxd3 Nxd3 32.Rd2 Nc5 33.Rd6 Na4 34.Rxd7+  1-0

[Event "BL2-W9192"]
[Site "Germany"]
[Date "1992.??.??"]
[Round "?"]
[White "Sieglen, Joachim"]
[Black "Bewersdorff, Oliver"]
[Result "0-1"]
[WhiteElo "2340"]
[BlackElo "2325"]

1.d4 Nf6 2.c4 e6 3.Nf3 b6 4.Nc3 Bb7 5.Bg5 h6 6.Bh4 Be7 7.e3 O-O 8.Bd3 c5
9.O-O cxd4 10.exd4 d5 11.Rc1 Nc6 12.Bxf6 Bxf6 13.cxd5 exd5 14.Bb1 Re8 15.Qd3 g6
16.Rfe1 Qd6 17.a3 Rac8 18.Ba2 Na5 19.Nb5 Rxc1 20.Rxc1 Qf4 21.Qc3 Rc8 22.Qxc8+ Bxc8
23.Rxc8+ Kg7 24.h3 Nc4 25.Bxc4 Qc1+ 26.Kh2 dxc4 27.Nc7 Bxd4  0-1

[Event "BL2-S9192"]
[Site "Germany"]
[Date "1992.??.??"]
[Round "?"]
[White "Burkart, Patrick"]
[Black "Roemer, Uli"]
[Result "1/2-1/2"]
[WhiteElo "2260"]
[BlackElo "2230"]

1.d4 e6 2.Nf3 Nf6 3.c4 b6 4.Nc3 Bb4 5.Qb3 c5 6.a3 cxd4 7.Qxb4 Na6 8.Qb3 Nc5
9.Qc2 dxc3 10.Qxc3 O-O 11.g3 d5 12.Bg2 Ba6 13.b3 dxc4 14.bxc4 Nce4 15.Qe3 Qc7
16.O-O Qxc4 17.Ne5 Qc5 18.Bxe4 Qxe3 19.Bxh7+ Kxh7 20.Bxe3 Bxe2 21.Rfc1 Nd5
22.Rc2 Ba6 23.Bd2 f6 24.Ng4 Bd3 25.Rc6 e5 26.Rac1 Rad8 27.Ne3 Nxe3 28.Bxe3 Rf7
29.f3 Be2 30.Kf2 Bb5 31.Rc7 Rdd7 32.Rc8 Rd3 33.R1c3 Rd1 34.R8c7 Rdd7 35.Rc8 Rd1
36.R8c7 Rdd7 37.Rxd7 Rxd7 38.h4 Kg6 39.g4 Kf7 40.h5 Ke6 41.Rb3 Rd5 42.Rb2 Ba4
43.Rd2 Rb5 44.Rd3 Rb2+ 45.Kg3 Rc2 46.Bf2 Bb5 47.Re3 Kd5 48.Be1 Kd4 49.Re4+ Kd5
50.Bb4 Rc7 51.Re1 Ba4 52.Re2 a5 53.Rd2+ Kc4 54.Bf8 Rf7 55.Rd8 b5 56.Rb8 Bc2
57.f4 exf4+ 58.Kxf4 Bd3 59.Ra8 b4 60.Rc8+ Kb3 61.axb4 axb4 62.Rb8 Kc4  1/2-1/2

[Event "BL2-N9192"]
[Site "Germany"]
[Date "1992.??.??"]
[Round "?"]
[White "Geisler, Robert"]
[Black "Mattick, Lutz"]
[Result "0-1"]
[WhiteElo "2240"]
[BlackElo "2225"]

1.d4 Nf6 2.c4 e6 3.Nf3 b6 4.Nc3 Bb7 5.a3 d5 6.cxd5 Nxd5 7.Qc2 Be7 8.e4 Nxc3
9.bxc3 O-O 10.Bd3 c5 11.Bb2 Qc8 12.Qe2 Ba6 13.O-O Bxd3 14.Qxd3 Qa6 15.Qe3 Nd7
16.Rad1 cxd4 17.cxd4 Rac8 18.d5 exd5 19.exd5 Rfe8 20.Qf4 Bf6 21.Bxf6 Nxf6
22.d6 Rcd8 23.Qb4 Re4 24.Qb3 Qa5 25.Rd3 Qc5 26.Rfd1 Re6 27.Qb4 Ne4 28.Qxc5 Nxc5
29.Rd5 f6 30.Kf1 Rd7 31.Nh4 g6 32.f4 Ne4 33.f5 gxf5 34.Nxf5 Nc3 35.Ne7+ Kf8
36.Rc1 Nxd5 37.Rc8+ Kf7 38.Nxd5 Rexd6 39.Nf4 Rd1+ 40.Kf2 Ra1 41.Rh8 Kg7 42.Rc8 Rxa3  0-1

[Event "Hafnarfirdi"]
[Site "Hafnarfirdi"]
[Date "1992.??.??"]
[Round "9"]
[White "Gretarsson, Helgi Ass"]
[Black "Arnason, Jon L"]
[Result "1/2-1/2"]
[WhiteElo "2350"]
[BlackElo "2515"]

1.d4 Nf6 2.c4 e6 3.Nf3 b6 4.Nc3 Bb4 5.Qb3 a5 6.g3 Ne4 7.Bg2 Bb7 8.O-O O-O
9.Bf4 Bxc3 10.bxc3 d6 11.Rfd1 Nd7 12.c5 e5 13.Be3 a4 14.Qb4 exd4 15.cxd4 Ndf6
16.cxb6 Nd5 17.bxc7 Qxc7 18.Qb2 Nxe3 19.fxe3 Bd5 20.Rac1 Qe7 21.Qa3 Rfe8
22.Nd2 h5 23.Nxe4 Bxe4 24.Bxe4 Qxe4 25.Rf1 Qxe3+ 26.Qxe3 Rxe3 27.Rc7 Rf8
28.Rc2 Rfe8 29.Rc7 R8e7 30.Rxe7 Rxe7 31.Kf2 Rc7 32.Rb1 Rc4 33.Ke3 Rc2 34.Rb6 d5
35.Rb5 h4 36.gxh4 Rxa2 37.Rxd5 Kf8 38.Ra5 Ra3+ 39.Kf4 Ra2 40.e4 Rxh2 41.Rxa4 Rxh4+
42.Ke5 Rh6 43.d5 Ke7 44.Ra7+ Ke8 45.d6 Rh5+ 46.Kd4 Rb5 47.e5 Rb4+ 48.Kd5 g5
49.Ra8+ Kd7 50.Rf8 Rb5+ 51.Ke4 Rb4+ 52.Kf5 Rf4+ 53.Kxg5 Rf1 54.Ra8 Rf2 55.Ra7+ Ke8
56.Ra4 Rf1 57.Rf4 Rh1 58.Kf5 Rh2 59.Rc4 Rf2+ 60.Ke4 Kd7 61.Rc7+ Kd8 62.Rc3  1/2-1/2

[Event "Hamburg op"]
[Site "Hamburg"]
[Date "1992.??.??"]
[Round "2"]
[White "Mueller, Achim"]
[Black "Wegner, Hannu"]
[Result "0-1"]
[WhiteElo "2260"]
[BlackElo "2365"]

1.d4 Nf6 2.c4 e6 3.Nf3 b6 4.Nc3 Bb7 5.a3 d5 6.Bg5 Be7 7.e3 O-O 8.Bd3 Nbd7
9.O-O c5 10.cxd5 exd5 11.dxc5 bxc5 12.Bf5 h6 13.Bh4 g6 14.Bc2 Rc8 15.Rc1 Qb6
16.e4 dxe4 17.Nxe4 Bxe4 18.Bxe4 Qxb2 19.Qa4 g5 20.Rb1 Qa2 21.Bg3 Nxe4 22.Qxe4 Rfe8
23.Rb7 Nf6 24.Qf5 Qd5 25.Qxd5 Nxd5 26.Rd1 Nf6 27.Re1 Bf8 28.Rxe8 Nxe8 29.Rxa7 c4
30.Ne1 c3 31.Nc2 Rd8 32.h4 Rd2 33.Ra8 Nf6 34.hxg5 hxg5 35.Be5 Nd7 36.Bxc3 Rxc2
37.Bb4 Kg7 38.Rd8 Bxb4 39.axb4 Rc7 40.Re8 Nf6 41.Re5 Rc1+  0-1

[Event "Hamburg op"]
[Site "Hamburg"]
[Date "1992.??.??"]
[Round "6"]
[White "Mueller, Achim"]
[Black "Breyther, Ruediger"]
[Result "0-1"]
[WhiteElo "2260"]
[BlackElo "2325"]

1.d4 Nf6 2.c4 e6 3.Nf3 b6 4.Nc3 Bb4 5.Qc2 Bb7 6.Bg5 h6 7.Bh4 O-O 8.a3 Bxc3+
9.Qxc3 d6 10.e3 Nbd7 11.Bd3 c5 12.O-O Rc8 13.b4 cxd4 14.Nxd4 Ne5 15.Rac1 Nxc4
16.Bxc4 d5 17.Nb5 Rxc4 18.Bxf6 gxf6 19.Qd2 f5 20.Rfd1 Rg4 21.f3 Rg6 22.e4 fxe4
23.fxe4 d4 24.Qxd4 Qg5 25.g3 Qxb5 26.Rc7 e5 27.Qe3 Ba8 28.Qf3 Qe8 29.Rdd7 Qe6
30.Qe2 Qb3 31.Rd3 Qb1+ 32.Kf2 Qh1 33.Re3 Qxh2+ 34.Ke1 Qg1+ 35.Kd2 Rd8+ 36.Kc2 Qa1
37.Rb3 Qa2+ 38.Rb2 Qxa3 39.Qc4 Rf6 40.Kc1 Qe3+  0-1

[Event "Hamburg op"]
[Site "Hamburg"]
[Date "1992.??.??"]
[Round "8"]
[White "Von Herman, Ulf"]
[Black "Howell, James C"]
[Result "1-0"]
[WhiteElo "2270"]
[BlackElo "2465"]

1.d4 Nf6 2.c4 e6 3.Nf3 b6 4.Nc3 Bb7 5.g3 Bb4 6.Bd2 O-O 7.Bg2 d6 8.O-O Nbd7
9.Rc1 Qb8 10.Be3 Bxc3 11.Rxc3 Ne4 12.Rd3 a6 13.d5 b5 14.Rd4 Nef6 15.dxe6 fxe6
16.Bh3 Re8 17.Qc2 Bxf3 18.exf3 Ne5 19.Bg2 Nxc4 20.Bg5 c5 21.Rh4 Ra7 22.f4 Nb6
23.Re1 Qc8 24.Bh3 d5 25.b4 c4 26.Bxf6 gxf6 27.Qc3 f5 28.Qe3 Qd8 29.Bxf5 Rg7
30.Rh6 d4 31.Bxe6+ Kh8 32.Qe5 c3 33.Rxh7+  1-0

[Event "Havana op"]
[Site "Havana"]
[Date "1992.??.??"]
[Round "?"]
[White "Lebredo, Gerardo"]
[Black "Hernandez, Amelia"]
[Result "0-1"]
[WhiteElo "2270"]
[BlackElo "2075"]

1.d4 Nf6 2.c4 e6 3.Nf3 b6 4.Nc3 Bb4 5.g3 Bb7 6.Bg2 O-O 7.O-O Bxc3 8.bxc3 d6
9.Re1 Nbd7 10.a4 a5 11.Qc2 Be4 12.Qb3 h6 13.Bf1 Bh7 14.Nd2 e5 15.Bg2 e4 16.Qb5 Qe7
17.e3 Qe6 18.Ba3 Rac8 19.f3 exf3 20.Bxf3 Rfe8 21.e4 Bg6 22.Re2 Nh7 23.e5 Ng5
24.Bc6 Qg4 25.Rae1 Bf5 26.e6 Rxe6 27.Rxe6 Bxe6 28.Rxe6 Qxe6 29.Bxd7 Qe3+
30.Kf1 Qxd2 31.Bxc8 Qd3+ 32.Ke1 Qxc3+ 33.Kf1 Qxa3 34.Qe8+ Kh7 35.Bb7 Qd3+
36.Kg2 Qxc4 37.h4 Qe6 38.Qa8  0-1

[Event "Helsinki op"]
[Site "Helsinki"]
[Date "1992.??.??"]
[Round "4"]
[White "Yrjola, Jouni"]
[Black "Lerner, Konstantin Z"]
[Result "1/2-1/2"]
[WhiteElo "2460"]
[BlackElo "2530"]

1.d4 Nf6 2.c4 e6 3.Nf3 b6 4.Nc3 Bb4 5.Qb3 c5 6.a3 Ba5 7.Bg5 h6 8.Bh4 g5 9.Bg3 Ne4
10.e3 Nc6 11.Bd3 Nxg3 12.hxg3 g4 13.d5 gxf3 14.dxc6 fxg2 15.Rg1 Qf6 16.Be4 Bxc3+
17.Qxc3 Qxc3+ 18.bxc3 d6 19.O-O-O Ba6 20.Rxd6 Rd8 21.Rxd8+ Kxd8 22.Rd1+ Kc8
23.Bxg2 Rd8 24.Rh1 Bxc4 25.Rxh6 Kc7 26.Rh7 Rf8 27.Be4 Kd6 28.g4 Bb5 29.c7  1/2-1/2

[Event "HUN-chT"]
[Site "HUN"]
[Date "1992.??.??"]
[Round "?"]
[White "Emodi, Barnabas"]
[Black "Csonkics, Tunde"]
[Result "0-1"]
[WhiteElo "2215"]
[BlackElo "2315"]

1.d4 Nf6 2.c4 e6 3.Nf3 b6 4.Nc3 Bb7 5.Bg5 h6 6.Bh4 Be7 7.e3 Ne4 8.Bxe7 Qxe7
9.Qc2 Nxc3 10.bxc3 O-O 11.Bd3 c5 12.O-O Bxf3 13.gxf3 f5 14.f4 Nc6 15.d5 Na5
16.Kh1 Qd6 17.Rad1 Rae8 18.Rg1 Rf6 19.Rg2 Re7 20.dxe6 Qxe6 21.Qa4 Kh8 22.Bf1 d6
23.Rd5 Qe4 24.Bd3 Qf3 25.Kg1 Qh5 26.Qc2 a6 27.Be2 Qf7 28.Qd3 Qe6 29.Bf3 Qd7
30.Kh1 b5 31.Rg1 Nxc4 32.Rb1 Nb6 33.Rd1 Nxd5 34.Qxd5 Qe6 35.Qa8+ Re8 36.Qxa6 Qc4
37.Qc6 Ref8 38.Bd5 Qa4 39.Rg1 Qa7 40.Qxb5 Rb8 41.Qc6 Kh7 42.a4 Rb6 43.Qe8 Rb8
44.Qc6 Rbf8 45.c4 Qa5 46.Qd7 Rg6 47.Rxg6 Kxg6 48.Qxd6+ Rf6 49.Qd7 Kh7 50.Bf7 Qa8+
51.Bd5 Qa5 52.Bf7 Qb6 53.Qe8 Qb7+ 54.Bd5 Qb1+ 55.Kg2 Rg6+ 56.Qxg6+ Kxg6  0-1

[Event "HUN-chT"]
[Site "HUN"]
[Date "1992.??.??"]
[Round "?"]
[White "Forintos, Gyozo V"]
[Black "Butnorius, Algimantas"]
[Result "1/2-1/2"]
[WhiteElo "2445"]
[BlackElo "2425"]

1.d4 Nf6 2.c4 e6 3.Nf3 b6 4.Nc3 Bb7 5.a3 d5 6.cxd5 Nxd5 7.e3 Be7 8.Bd3 Nxc3
9.bxc3 c5 10.O-O O-O 11.Bb2  1/2-1/2

[Event "HUN-chT"]
[Site "HUN"]
[Date "1992.??.??"]
[Round "?"]
[White "Vigh, Bela"]
[Black "Zsinka, Laszlo"]
[Result "1-0"]
[WhiteElo "2370"]
[BlackElo "2355"]

1.d4 Nf6 2.c4 e6 3.Nf3 b6 4.Nc3 Bb7 5.a3 g6 6.g3 Bg7 7.Bg2 O-O 8.O-O d6 9.Qc2 Nbd7
10.e4 c5 11.d5 Qe7 12.dxe6 fxe6 13.Ng5 h6 14.Nh3 Ne5 15.Ne2 Nfd7 16.f4 Nc6
17.Be3 Nd4 18.Qd3 e5 19.Nc3 Rae8 20.Nd5 Bxd5 21.cxd5 Nf6 22.Bxd4 cxd4 23.fxe5 dxe5
24.Nf2 h5 25.Rac1 Bh6 26.Rc6 Be3 27.Bh3 Qg7 28.Kg2 Nh7 29.Nd1 Rxf1 30.Qxf1 Ng5
31.Be6+ Nxe6 32.dxe6 Bg5 33.Qc4 Be7 34.Rc8 Rxc8 35.Qxc8+ Qf8 36.Qd7 Qf6 37.Nf2 Kg7
38.b4 Kh6 39.Nd3 Qg5 40.Nf2 Qf6 41.h4 g5 42.hxg5+ Kxg5 43.Qc8 Qg6 44.Qh8 Qf6
45.Qh7 Bf8 46.Qg8+ Kh6 47.Nd3 Bg7 48.b5 h4 49.Qf7 Qxf7 50.exf7 Kg6 51.Nxe5+ Kf6  1-0

[Event "HUN-chT"]
[Site "HUN"]
[Date "1992.??.??"]
[Round "8"]
[White "Szirmai, Eduard"]
[Black "Lorincz, Istvan"]
[Result "0-1"]
[WhiteElo "2275"]
[BlackElo "2340"]

1.d4 Nf6 2.Nf3 e6 3.c4 b6 4.Nc3 Bb4 5.e3 O-O 6.Bd3 Bb7 7.O-O c5 8.Bd2 d5
9.cxd5 cxd4 10.Nxd4 Nxd5 11.Qc2 Nf6 12.a3 Bc5 13.Nb3 Bd6 14.e4 Nbd7 15.Rad1 Rc8
16.Rfe1 a5 17.Qb1 Ne5 18.Bg5 h6 19.Bh4 Ng6 20.Bg3 Bxg3 21.hxg3 Qc7 22.Nd4 Qe5
23.Nf3 Qh5 24.Nh2 Qc5 25.Qc1 Ne5 26.Bb1 b5 27.Qf4 Rfd8 28.Rxd8+ Rxd8 29.Nf1 b4
30.axb4 axb4 31.Nd5 exd5 32.Qxe5 Qxf2+ 33.Kxf2 Ng4+ 34.Kg1 Nxe5 35.exd5 Nc4
36.b3 Nb6 37.d6 Kf8 38.Be4 Re8 39.Nd2 f5 40.Rf1 Bxe4  0-1

[Event "HUN-chT"]
[Site "HUN"]
[Date "1992.??.??"]
[Round "8"]
[White "Szirmai, Eduard"]
[Black "Nagy, Zoltan"]
[Result "1-0"]
[WhiteElo "2275"]
[BlackElo "2250"]

1.d4 Nf6 2.Nf3 e6 3.c4 b6 4.Nc3 Bb4 5.Qb3 a5 6.a3 Bxc3+ 7.Qxc3 Bb7 8.e3 O-O
9.Bd3 Ne4 10.Qc2 f5 11.O-O d6 12.Nd2 Nxd2 13.Bxd2 a4 14.Bc3 Qg5 15.f4 Qg6
16.Rae1 Be4 17.Bxe4 fxe4 18.Rd1 Nd7 19.Bb4 Nf6 20.Rfe1 Rfd8 21.Bc3 d5 22.Bd2 c6
23.Rc1 Qf7 24.h3 Qd7 25.Bb4 Rdc8 26.Qe2 g6 27.Red1 h5 28.Be1 Ne8 29.Bb4 Kg7
30.Qf2 Nf6 31.Qh4 b5 32.cxb5 cxb5 33.Rc5 Ne8 34.Rdc1 Nd6 35.Rxc8 Rxc8 36.Rxc8 Nxc8
37.Qg5 Nb6 38.Qe5+ Kh7 39.Qf6 Nc4 40.Be7 Nd6 41.Qf8 Nf5 42.Bf6 Ng7 43.Qb8 Ne8
44.Be5 Kg8 45.Qb6 Kf7 46.Kh2 Kf8 47.Qc5+ Kf7 48.Kg1 Qb7 49.Kf2 Qa6 50.Ke1 Qa5+
51.Ke2 Qa6 52.Kf2 Qb7 53.g4 hxg4 54.hxg4 Kg8 55.Kg3 Kf7 56.Qc1 Ke7 57.Qh1 Kd8
58.Qh6 Qc6 59.Qxg6 Qc1 60.Kh4 Qxe3 61.Qxe6 Qf2+ 62.Kg5 e3 63.Qxd5+ Kc8 64.Qc5+ Kd8
65.d5 Qf3 66.Qb6+ Kc8 67.Qb8+ Kd7 68.Qb7+ Kd8 69.Bc3 b4 70.Bxb4 Nc7 71.Ba5 e2
72.Qxc7+ Ke8 73.Qe5+ Kf7 74.Qe6+ Kg7 75.Bc3+ Kf8 76.Bb4+ Kg7 77.Qf6+ Kh7
78.Qg6+ Kh8 79.Bc3+ Qxc3 80.bxc3  1-0